Statistics for Newest Nations on Planet Earth

Click here to take the quiz!

General Stats

  • This quiz has been taken 32 times
  • The average score is 30 of 35

Answer Stats

HintAnswer% Correct
Dissolution of Yugoslavia early 90'sCroatia
100%
Seceded from Serbia in 2008Kosovo
100%
Dissolution of Yugoslavia early 90'sNorth Macedonia
100%
Split from Sudan in 2011South Sudan
100%
Dissolution of the USSR - 1991-1993Armenia
97%
Dissolution of Yugoslavia early 90'sBosnia and Herzegovina
97%
Separated from Serbia in 2006Montenegro
97%
Dissolution of Yugoslavia early 90'sMontenegro
97%
Dissolution of Yugoslavia early 90'sSerbia
97%
Separated from Montenegro in 2000Serbia
97%
Dissolution of the USSR - 1991-1993Azerbaijan
93%
Dissolution of the USSR - 1991-1993Georgia
93%
Dissolution of the USSR - 1991-1993Kazakhstan
93%
Dissolution of the USSR - 1991-1993Moldova
93%
Dissolution of Yugoslavia early 90'sSlovenia
93%
Dissolution of the USSR - 1991-1993Tajikistan
93%
Dissolution of the USSR - 1991-1993Ukraine
93%
Dissolution of the USSR - 1991-1993Uzbekistan
93%
1993 won 30 year war of independence with EthiopiaEritrea
90%
Dissolution of the USSR - 1991-1993Kyrgyzstan
90%
Dissolution of the USSR - 1991-1993Belarus
86%
1975 Gained independence from IndonesiaEast Timor
86%
Dissolution of the USSR - 1991-1993Estonia
86%
Dissolution of the USSR - 1991-1993Latvia
86%
Dissolution of the USSR - 1991-1993Turkmenistan
86%
Dissolution of the USSR - 1991-1993Lithuania
83%
Early 90's won battle to break free from South African ruleNamibia
83%
Dissolution of the USSR - 1991-1993Czech Republic
79%
Dissolution of the USSR - 1991-1993Slovakia
79%
Reunified in 1990Germany
76%
Dissolution of the USSR - 1991-1993Russia
72%
Merger of two Arab nationsYemen
69%
1991 achieved independence with aid of U.N.Micronesia
41%
Graduated from U.N. Trust program in 1994Palau
38%
1991 achieved independence with aid of U.N.Marshall Islands
34%

Score Distribution

Percentile by Number Answered

Percent of People with Each Score

Your Score History

You have not taken this quiz